Central Library OPAC University of Rajshahi

Maladaptive behavior : (Record no. 67550)

MARC details
000 -LEADER
fixed length control field 00822nam a2200253 a 4500
001 - CONTROL NUMBER
control field 67550
003 - CONTROL NUMBER IDENTIFIER
rucl marc code BD-RjUL
005 - DATE AND TIME OF LATEST TRANSACTION
control field 20211209081653.0
008 - FIXED-LENGTH DATA ELEMENTS--GENERAL INFORMATION
fixed length control field 790907s1980 ilua b 001 0 eng
020 ## - INTERNATIONAL STANDARD BOOK NUMBER
International Standard Book Number 0673151514 :
Terms of availability $15.95
035 ## - SYSTEM CONTROL NUMBER
System control number (BD-RjUL)67681
040 ## - CATALOGING SOURCE
Original cataloging agency DLC
Transcribing agency DLC
Modifying agency DLC
-- BD-RjUL
Language of cataloging eng
041 ## - LANGUAGE CODE
Language code of text/sound track or separate title eng
060 ## - NATIONAL LIBRARY OF MEDICINE CALL NUMBER
Classification number WM100.3 L183m
082 00 - DEWEY DECIMAL CLASSIFICATION NUMBER
Edition number 23
Classification number 616.89
Author mark and year LAM 1980
100 1# - MAIN ENTRY--PERSONAL NAME
Personal name Lahey, Benjamin B.
9 (RLIN) 91998
245 10 - TITLE STATEMENT
Title Maladaptive behavior :
Remainder of title an introduction to abnormal psychology /
Statement of responsibility, etc. Benjamin B. Lahey, Anthony R. Ciminero.
260 ## - PUBLICATION, DISTRIBUTION, ETC. (IMPRINT)
Place of publication, distribution, etc. Glenview, Ill. :
Name of publisher, distributor, etc. Scott, Foresman,
Date of publication, distribution, etc. c1980.
300 ## - PHYSICAL DESCRIPTION
Pagination 668 p. :
Illustrations ill. ;
Size 24 cm.
504 ## - BIBLIOGRAPHY, ETC. NOTE
Bibliography, etc Includes Bibliography and index.
650 #0 - SUBJECT ADDED ENTRY--TOPICAL TERM
Topical term or geographic name as entry element Psychology, Pathological
9 (RLIN) 200154
700 1# - ADDED ENTRY--PERSONAL NAME
Personal name Ciminero, Anthony R.,
Relator term joint author.
942 ## - ADDED ENTRY ELEMENTS (KOHA)
Source of classification or shelving scheme Dewey Decimal Classification
Koha item type Books
Holdings
Lost status Source of classification or shelving scheme Damaged status Not for loan Collection code Permanent Location Current Location Shelving location Date acquired Source of acquisition Cost, normal purchase price Total Checkouts Full call number Date last seen Copy number Koha item type
  Dewey Decimal Classification   Not For Loan Non-fiction Central Library, University of Rajshahi Central Library, University of Rajshahi Reading Room 10/09/1988 Asia Foundation 0.00   616.89 LAM 1980 25/03/2017 C-1 Books